000 00301nam a22001337a 4500
008 181107b xxu||||| |||| 00| 0 eng d
020 _a9780805354638
041 _aeng
080 _26th
_a611
100 _a6
101 _aANA
245 _aHuman Anatomy & Physiology
_cMarieb, E.N
942 _2udc
_cBK
999 _c52230
_d52230